Actualidad de las viejas temáticas: clase, estratificación y movilidad social en América Latina /

Guardat en:
Dades bibliogràfiques
Autor principal: Filgueira, Carlos
Format: Text
Etiquetes: Afegir etiqueta
Sense etiquetes, Sigues el primer a etiquetar aquest registre!

MARC

LEADER 00000 a a2200000 04500
001 47247
003
040
100 |a Filgueira, Carlos  
245 |a Actualidad de las viejas temáticas:   |b clase, estratificación y movilidad social en América Latina /  |c Carlos Filgueira  
773 |g páginas 73-120  
999 |c 36296  |d 36296